Business finance and costs (Record no. 32833)

MARC details
000 -LEADER
fixed length control field 00251nam a2200109Ia 4500
082 ## - DEWEY DECIMAL CLASSIFICATION NUMBER
Classification number 658.1
Item number DEV
245 #0 - TITLE STATEMENT
Title Business finance and costs
260 ## - PUBLICATION, DISTRIBUTION, ETC. (IMPRINT)
Place of publication London
Name of publisher Gee
Year of publication 1970
700 ## - ADDED ENTRY--PERSONAL NAME
Personal name C S
942 ## - ADDED ENTRY ELEMENTS (KOHA)
Koha item type Books
Holdings
Withdrawn status Lost status Damaged status Not for loan Home library Current library Date acquired Cost, normal purchase price Full call number Accession Number Koha item type
        RRII Library RRII Library 16/12/2021 2.85 658.1 DEV 13335 Books